Complete the Card - TNA Bound for Glory 2009 - Statistics

General Stats
  • This quiz has been taken 85 times
  • The average score is 28 of 34
Answer Stats
Answer % Correct
Kurt Angle
100%
AJ Styles
98%
Sting
98%
Booker T
96%
Abyss
95%
Brother Ray
95%
James Storm
95%
Kevin Nash
95%
Robert Roode
95%
Brother Devon
93%
Samoa Joe
93%
Scott Steiner
91%
Chris Sabin
89%
Eric Young
89%
Awesome Kong
87%
Alex Shelley
85%
Brutus Magnus
85%
Jay Lethal
85%
Velvet Sky
85%
Doug Williams
84%
Mick Foley
84%
Christopher Daniels
82%
Madison Rayne
80%
Matt Morgan
80%
Hernandez
76%
Homicide
75%
Suicide
75%
Consequences Creed
73%
ODB
73%
Tara
73%
Taylor Wilde
65%
Amazing Red
56%
Bobby Lashley
55%
Sarita
53%
No matching quizzes found
Score Distribution
Percent of People with Each Score
Percentile by Number Answered
Your Score History
You have not taken this quiz